| 000 | 00803nam a22002657a 4500 | ||
|---|---|---|---|
| 003 | 0 | ||
| 005 | 20180727130501.0 | ||
| 008 | 0 | ||
| 010 | _aA-948932 | ||
| 020 |
_c225.00 _a0195644638 |
||
| 035 | _aA-948932, A-948933 | ||
| 037 | _bCen Lib/Ret | ||
| 040 |
_aDPL _bEN _c0 |
||
| 082 |
_a305.40903 _bWOM |
||
| 245 |
_aWomen in colonial india : _cedited by J. Krishanamurty _bessays on survival, works and the state / |
||
| 246 | _b | ||
| 260 |
_bOxford University Press _aNew Delhi _c1989 |
||
| 270 |
_bNew Delhi _ajaisingh road _e110001 |
||
| 300 |
_axii, 247p. _c21cm(Hb) |
||
| 500 | _aIncludes index | ||
| 650 |
_aSocial-economical _xWomen History _zIndia _93742 |
||
| 650 |
_aHindu widow _93743 |
||
| 700 |
_aKrishanamurty, J. _93746 |
||
| 942 |
_2ddc _cEN _h305.40903 _mWOM |
||
| 999 |
_c123030 _d123030 |
||